书目信息 |
| 题名: |
基层水利水电实践案例
|
|
| 作者: | 朱根权 编著 | |
| 分册: | ||
| 出版信息: | 北京 中国原子能出版社 2020.12 |
|
| 页数: | 224页 | |
| 开本: | 24cm | |
| 丛书名: | ||
| 单 册: | ||
| 中图分类: | TV | |
| 科图分类: | ||
| 主题词: | 水利水电工程--shui li shui dian gong cheng--案例--中国 | |
| 电子资源: | ||
| ISBN: | 978-7-5221-1139-1 | |
| 000 | 00748nam0 2200217 450 | |
| 001 | 011025152843 | |
| 005 | 20221025152843.0 | |
| 010 | @a978-7-5221-1139-1@dCNY58.00 | |
| 100 | @a20201004e20212020em y0chiy0120 ea | |
| 101 | 0 | @achi |
| 102 | @aCN@b110000 | |
| 105 | @aa z 000yy | |
| 106 | @ar | |
| 200 | 1 | @a基层水利水电实践案例@Aji ceng shui li shui dian shi jian an li@f朱根权编著 |
| 210 | @a北京@c中国原子能出版社@d2020.12@h2021.09 | |
| 215 | @a224页@c图@d24cm | |
| 330 | @a本书分四章,选取了具有代表性的基层水利水电实践案例,包括规划设计、建设管理、行业监管及防汛抢险等。 | |
| 606 | 0 | @a水利水电工程@Ashui li shui dian gong cheng@x案例@y中国 |
| 690 | @aTV@v5 | |
| 701 | 0 | @a朱根权@Azhu gen quan@4编著 |
| 905 | @a河南城建学院图书馆@dTV@eZ845 | |
| 基层水利水电实践案例/朱根权编著.-北京:中国原子能出版社,2020.12(2021.09) |
| 224页:图;24cm |
| ISBN 978-7-5221-1139-1:CNY58.00 |
| 本书分四章,选取了具有代表性的基层水利水电实践案例,包括规划设计、建设管理、行业监管及防汛抢险等。 |
| ● |
| 相关链接 |
|
|
|
正题名:基层水利水电实践案例
索取号:TV/Z845
 
预约/预借
| 序号 | 登录号 | 条形码 | 馆藏地/架位号 | 状态 | 备注 |
| 1 | 1586094 | 215860940 | 自科库501/501自科库 47排2列2层/ [索取号:TV/Z845] | 在馆 | |
| 2 | 1586095 | 215860959 | 自科库501/501自科库 47排2列2层/ [索取号:TV/Z845] | 在馆 |